00968nam a22002417a 4500999001700000003000900017008004100026040007100067082001500138100002100153245007900174260003300253300002800286440002600314505016900340650001900509650001700528650001600545700003400561942001600595945002000611952009500631 c15945d15945AR-CdUCM190430b ||||| |||| 00| 0 spa d aMUNICIPALIDAD PROVINCIAL DEL CUSCOcBIBLIOTECA MUNICIPAL DEL CUSCO a330 /bB72 aBolton, Roger E. aDefensa y desarme :bLa economía de los EE.UU. ante el desarme mundial / aMéxico :bGrijalbo,c1968. a157 páginas ;c19 cm. aColección 70 92202 aContenido : Los gastos de la defensa, ¿carga o puntual para la economía? Roger E. Bolton -- La crisis en los trabajos especializados U. S. New y World Report ... aPollita935200 aCrisis96852 aEE,UU96851 aGonzales Vega, Ángel914492 2ddccLIBROS arahd30/04/2019 002ddc4070aSHbSHcCARTd2019-04-30g15.00o330 / B72pSH0000011074r2019-04-30yLIBROS